Missing Word: 12-Letter Movie Words Quiz Stats

 Plays Quiz Updated Aug 20, 2012

Support Sporcle.
Go Orange.
Score 0/14 Timer 03:00
3 Plays Today
Film 12-Letter Word % Correct
A.I. Artificial __________Intelligence
92.5%
Edward _________Scissorhands
91.7%
Miss _________Congeniality
84.9%
Bride of _________Frankenstein
79%
L.A. __________Confidential
76.6%
__________ DayIndependence
74.6%
Great __________Expectations
73.6%
Film 12-Letter Word % Correct
An _________ TruthInconvenient
64.2%
_________: Dark of the MoonTransformers
55.2%
__________ CopKindergarten
54.7%
Crimes and _________Misdemeanors
41.6%
Alien _________Resurrection
38.1%
Star Trek: _________Insurrection
19.7%
The __________ ExperimentPhiladelphia
16.7%

Today's Daily Dose

You're not logged in!

Compare scores with friends on all Sporcle quizzes.
OR
Log In

From the Vault

Nordic American Flags

by jr637

We like that Nordic cross so much, we're putting it on everything.
Remove Ads.
Support Sporcle.
Get the best of Sporcle when you Go Orange. This ad-free experience offers more features, more stats, and more fun while also helping to support Sporcle. Thank you for becoming a member.

Show Comments

Extras

Top Quizzes Today


Score Distribution

Your Account Isn't Verified!

In order to create a playlist on Sporcle, you need to verify the email address you used during registration. Go to your Sporcle Settings to finish the process.

Report this User

Report this user for behavior that violates our Community Guidelines.

Details: